Karvaiak diákkarácsonya a virágkötők munkáikkal tovább népszerűsítik a szakma és az oktatási intézmény jó hírnevét

Bibliographic Details
Main Author: Miriák, Ferenc (Author)
Format: Article
Language:Hungarian
PhysicalDescription:Fotogr.
Subjects:

MARC

LEADER 00000nab a2200000 ar4500
001 vtls008954174
003 SK-MaSNL
005 20260319071315.0
008 070119c20061221xo |||||||| 000 b|hun
015 |a SNBRB2007/01  |2 snkbucl 
038 |a SNKBUCL 
040 |a DSZK  |b slo  |c DSZK  |e AACR2  |d SNKBUCL 
041 0 |a hun 
044 |a xo  |c SK 
080 |a 373.68  |x (437.6)  |2 1997 
100 1 |a Miriák, Ferenc  |4 aut  |9 849053 
245 1 0 |a Karvaiak diákkarácsonya  |b a virágkötők munkáikkal tovább népszerűsítik a szakma és az oktatási intézmény jó hírnevét  |c Miriák Ferenc 
300 |b Fotogr. 
610 2 7 |a Združená stredná záhradnícka a poľnohospodárska škola (Kravany nad Dunajom, Slovensko)  |2 snkbucl  |9 1036263 
651 7 |a Kravany nad Dunajom (Slovensko)  |2 snkbucl  |9 20642 
773 0 |t Új szó  |g Évf. 59, sz. 293 (21.12.2006) 
773 0 8 |i Mell.:  |t Iskola utca  |g Évf. 3, sz. 45 (2006), o. 20 
852 |a SNK  |b KIS3GCP 
852 |a DSZK  |b KIS3GCP 
958 |a HU 
958 |a SK 
999 |c 1754776  |d 1756706